书目信息 |
| 题名: |
心理咨询与治疗
|
|
| 作者: | 江光荣 著 | |
| 分册: | ||
| 出版信息: | 合肥 安徽人民出版社 1995 |
|
| 页数: | 400页 | |
| 开本: | 20cm | |
| 丛书名: | ||
| 单 册: | ||
| 中图分类: | B84 , R749.055 | |
| 科图分类: | ||
| 主题词: | 精神疗法--研究 | |
| 电子资源: | ||
| ISBN: | 7-212-01195-9 | |
| 000 | 00631nam0 2200229 45 | |
| 001 | 1234851562 | |
| 005 | 20150125205138.75 | |
| 010 | @a7-212-01195-9@dCNY11.60 | |
| 100 | @a19970618e19971995emky0chiy0121 ea | |
| 101 | 0 | @achi |
| 102 | @aCN@b340000 | |
| 105 | @ay z 000yy | |
| 200 | 10 | @a心理咨询与治疗@Axin li zi xun yu zhi liao@f江光荣著 |
| 210 | @a合肥@c安徽人民出版社@d1995 | |
| 215 | @a400页@d20cm | |
| 300 | @a国家教委八五教育科学规划重点课题 | |
| 606 | 0 | @a精神疗法@x研究 |
| 690 | @aB84@v3 | |
| 690 | @aR749.055@v3 | |
| 701 | 0 | @a江光荣@Ajiang guang rong@4著 |
| 801 | 0 | @aCN@bTSSF@c20150125 |
| 905 | @aZUCC@dB84@eJY90 | |
| 心理咨询与治疗/江光荣著.-合肥:安徽人民出版社,1995 |
| 400页;20cm |
| 国家教委八五教育科学规划重点课题 |
| ISBN 7-212-01195-9:CNY11.60 |
| ● |
| 相关链接 |
|
|
|
|
正题名:心理咨询与治疗
索取号:B84/JY90
 
预约/预借
| 序号 | 登录号 | 条形码 | 馆藏地/架位号 | 状态 | 备注 |
| 1 | 7830297 | 278302971 | 学院路分馆/ [索取号:B84/JY90] | 在馆 | |
| 2 | 7830298 | 278302980 | 学院路分馆/ [索取号:B84/JY90] | 在馆 | |
| 3 | 7845019 | 278450196 | 学院路分馆/ [索取号:B84/JY90] | 在馆 |